000 00631nam a2200205 i 4500
001 bg
245 0 _aCo warto wiedzieć o przyrodzie województwa słupskiego /
_cPod red. Katarzyny Woźniak, Wojciecha Górskiego.
260 _aSłupsk :
_bWojewoda Słupski,
_c[1998].
300 _a97 s. :
_bil. kolor. ;
_c15*23 cm.
650 9 _aSłupsk (okręg)
_xprzyroda
700 1 _aWoźniak, Katarzyna.
_eRed.
700 1 _aGórski, Wojciech.
_eRed.
020 _a8390401614
040 _cBPK
041 _apl
080 _a504.06:502.3](438)
920 _a83-904016-1-4
942 _cKS
008 s pl f |000 0 pol
999 _c35334
_d35334
856 _uhttp://koha.tu.koszalin.pl/cgi-bin/koha/opac-detail.pl?biblionumber=35334
_yKatalog online BPK